Embedded system design on a shoestring: achieving high performance with a limited budget (Record no. 1100)

MARC details
000 -LEADER
Fixed length control field 00543nam a2200181 4500
003 - CONTROL NUMBER IDENTIFIER
Control field SEACOMEC
005 - DATE AND TIME OF LATEST TRANSACTION
Control field 20240515122401.0
008 - FIXED-LENGTH DATA ELEMENTS--GENERAL INFORMATION
Fixed length control field 240515b |||||||| |||| 00| 0 eng d
020 ## - INTERNATIONAL STANDARD BOOK NUMBER / ISBN
International Standard Book Number 8181476123
Price 295.00
040 ## - CATALOGING SOURCE
Original cataloging agency SEACOMEC
082 ## - DEWEY DECIMAL CLASSIFICATION NUMBER
Classification number 003
Book Number E26
100 ## - MAIN ENTRY--PERSONAL NAME
Personal name Edwards, Lewin A. R. W.
245 ## - TITLE STATEMENT
Title Embedded system design on a shoestring: achieving high performance with a limited budget
Statement of responsibility Lewin A. R. W Edwards
260 ## - IMPRINT
Place of publication New Delhi
Name of publisher Elsevier,
Date of publication 2005
300 ## - PHYSICAL DESCRIPTION
Page / Vol. No ix,232p : illus.
650 ## - SUBJECT ADDED ENTRY--TOPICAL TERM
Topical term Computer Science
942 ## - ADDED ENTRY ELEMENTS (KOHA)
Koha item type Books
Holdings
Withdrawn status Lost status Source of classification Damaged status Not for loan Home library Current library Date acquired Total Checkouts Call number Accession number Date last seen Price effective from Koha item type
    Dewey Decimal Classification     SEACOM ENGINEERING COLLEGE SEACOM ENGINEERING COLLEGE 15/05/2024   003 E26 5441 15/05/2024 15/05/2024 Books
© Seacom Engineering College, All rights reserved.      Powered by Koha